000 00450nam a22001817a 4500
005 20260402150612.0
008 260402b |||||||| |||| 00| 0 eng d
020 _a9789388548366
041 _aEnglish
082 _a346.0436 SIN
100 _a Singh, Avtar
245 _aTextbook on Transfer of Property
250 _a6th.
260 _aNew Delhi :
_b LexisNexis,
_c2019.
300 _a461 p
650 _aTransfer of Property
942 _cDB
999 _c9597
_d9597